Management

Guardado en:
Detalles Bibliográficos
Autor principal: Kinard, Jerry
Formato: Libro
Lenguaje:inglés
Publicado: Lexington D.C.Heath and Company 1988
Edición:1.
Materias:
Acceso en línea:Ver en el OPAC
Etiquetas: Agregar Etiqueta
Sin Etiquetas, Sea el primero en etiquetar este registro!

MARC

LEADER 00000nam a2200000 a 4500
005 20260127133936.0
008 050808s1988 cn 000 0 eng
020 |a 0669092231 
035 |a vtls008207544 
035 |a SVKPOKN019023 
039 9 |a 201012211108  |b msnk88  |c 200810031045  |d mschk03  |c 200508092013  |d VLOAD  |y 200508082202  |z VLOAD 
040 |a SVKPOKN  |b slo  |c SVKPOKN  |d SVKPO  |d STUSCHK1  |e AACR2 
041 0 |a eng  |h eng 
044 |a cn  |c CA 
080 |a 65.012.4(075.8) 
100 1 |a Kinard, Jerry 
245 1 0 |a Management  |c Jerry Kinard 
250 |a 1. 
260 |a Lexington  |b D.C.Heath and Company  |c 1988 
300 |a 547 str. 
650 0 7 |a tlač 
653 |a Manažment-riadenie-učebnice 
655 7 |a príručky  |2 svkpo 
910 |a svkponkat 
910 |a SCHK95 
919 |a 0-669-09223-1 
999 |c 533  |d 533